|
|
|
|
| LEADER |
00000nam a22000007a 4500 |
| 005 |
20170904000048.0 |
| 007 |
cr|||| |||| |
| 008 |
170904s2008 mx |||||s||||f00||0 spa d |
| 035 |
|
|
|a 20511
|
| 040 |
|
|
|a vLex
|
| 090 |
|
|
|c 6910
|d 6910
|
| 100 |
1 |
|
|a Licona Vite, Cecilia
|
| 245 |
1 |
0 |
|a Estudio en materia de pensiones, percepciones o compensaciones y dems̀ beneficios a expresidentes de Mx̌ico
|h [Recurso electrn̤ico] /
|c Cecilia Licona Vite
|
| 256 |
|
|
|a Servicio en ln̕ea
|
| 260 |
|
|
|a Ciudad de Mx̌ico:
|b Cm̀ara de Diputados,
|c 2008
|
| 300 |
|
|
|a 1 recurso electrn̤ico (36 p.)
|
| 506 |
1 |
|
|a Disponible solo en los productos indicados
|d vLex Global
|d vLex Global (Academic Edition, excluding Law Schools)
|d vLex Global (U.S. Academic Edition, Law Schools)
|d vLex Global (U.S. Academic Edition, excluding Law Schools)
|d vLex Global (Academic Edition, Law Schools)
|
| 650 |
0 |
4 |
|a Derecho Laboral y Seguridad Social
|z Mx̌ico
|
| 650 |
0 |
4 |
|a Derecho Constitucional
|z Mx̌ico
|
| 740 |
0 |
|
|a vLex Libros (Servicio en ln̕ea)
|
| 856 |
4 |
0 |
|u http://vlex.com/source/estudio-materia-pensiones-percepciones-compensaciones-demas-beneficios-expresidentes-mexico-20511
|z Acceso restringido
|
| 942 |
|
|
|c BOOK
|
| 999 |
0 |
|
|a Labor Law and Social Security
|
| 999 |
0 |
|
|a Constitutional Law
|